| 000 | 00466nam a2200193Ia 4500 | ||
|---|---|---|---|
| 003 | OSt | ||
| 005 | 20230523145823.0 | ||
| 008 | 210210b1920 xxu||||| |||| 00| 0 eng d | ||
| 040 | _cAL | ||
| 041 | _aeng | ||
| 082 | _a828/335 | ||
| 100 |
_aJOHNSON (S) _9111464 |
||
| 245 | _aLives of the English poets Vol 1 | ||
| 260 |
_aLondon _bOxford University Press., _c1920 |
||
| 440 |
_a1 _9111465 |
||
| 690 |
_aBiography _9111466 |
||
| 906 | _a016180 | ||
| 942 |
_2ddc _cBK |
||
| 999 |
_c135590 _d135590 |
||